Effect of technological parameters on optical and mechanical properties of Spark Plasma Sintered transparent YSZ ceramics; Ceramics International; Vol. 47, iss. 8
| Parent link: | Ceramics International Vol. 47, iss. 8.— 2021.— [P. 11169-11175] |
|---|---|
| Outros Autores: | , , , , , |
| Resumo: | Title screen Режим доступа: по договору с организацией-держателем ресурса |
| Idioma: | inglês |
| Publicado em: |
2021
|
| Assuntos: | |
| Acesso em linha: | https://doi.org/10.1016/j.ceramint.2020.12.240 |
| Formato: | MixedMaterials Recurso Electrónico Capítulo de Livro |
| KOHA link: | https://koha.lib.tpu.ru/cgi-bin/koha/opac-detail.pl?biblionumber=663917 |
MARC
| LEADER | 00000naa0a2200000 4500 | ||
|---|---|---|---|
| 001 | 663917 | ||
| 005 | 20251117142834.0 | ||
| 035 | |a (RuTPU)RU\TPU\network\35087 | ||
| 090 | |a 663917 | ||
| 100 | |a 20210317d2021 k||y0rusy50 ba | ||
| 101 | 0 | |a eng | |
| 135 | |a drcn ---uucaa | ||
| 181 | 0 | |a i | |
| 182 | 0 | |a b | |
| 200 | 1 | |a Effect of technological parameters on optical and mechanical properties of Spark Plasma Sintered transparent YSZ ceramics |f V. D. Paygin, S. A. Stepanov, E. S. Dvilis [et al.] | |
| 203 | |a Text |c electronic | ||
| 300 | |a Title screen | ||
| 320 | |a [References: 36 tit.] | ||
| 333 | |a Режим доступа: по договору с организацией-держателем ресурса | ||
| 461 | |t Ceramics International | ||
| 463 | |t Vol. 47, iss. 8 |v [P. 11169-11175] |d 2021 | ||
| 610 | 1 | |a электронный ресурс | |
| 610 | 1 | |a труды учёных ТПУ | |
| 610 | 1 | |a transparent yttrium-stabilized zirconia (YSZ) ceramics | |
| 610 | 1 | |a Spark Plasma Sintering (SPS) technique | |
| 610 | 1 | |a optical properties | |
| 610 | 1 | |a quality indicators | |
| 610 | 1 | |a прозрачная керамика | |
| 610 | 1 | |a спекание | |
| 610 | 1 | |a оптические свойства | |
| 701 | 1 | |a Paygin |b V. D. |c specialist in the field of material science |c engineer of Tomsk Polytechnic University |f 1992- |g Vladimir Denisovich |3 (RuTPU)RU\TPU\pers\38492 |9 20806 | |
| 701 | 1 | |a Stepanov |b S. A. |c specialist in the field of lightning engineering |c Engineer of Tomsk Polytechnic University |f 1986- |g Sergey Aleksandrovich |3 (RuTPU)RU\TPU\pers\33771 |9 17369 | |
| 701 | 1 | |a Dvilis |b E. S. |c Chemical Engineer |c senior researcher of Tomsk Polytechnic University, Professor, doctor of physical and mathematical Sciences |f 1969- |g Edgar Sergeevich |3 (RuTPU)RU\TPU\pers\34597 |9 17959 | |
| 701 | 1 | |a Khasanov |b O. L. |c Russian physicist, materials scientist, Doctor of Engineering |c professor, Director of TPU Nano-Centre and Head of the Department "Nanomaterials and Nanotechnologies" of TPU |f 1958- |g Oleg Leonidovich |3 (RuTPU)RU\TPU\pers\27102 |9 12652 | |
| 701 | 1 | |a Alishin |b T. R. |c specialist in the field of material science |c specialist on educational and methodical work of Tomsk Polytechnic University |f 1995- |g Timofey Ruslanovich |3 (RuTPU)RU\TPU\pers\46022 |9 22038 | |
| 701 | 1 | |a Valiev |b D. T. |c specialist in the field of material science |c Associate Professor of Tomsk Polytechnic University, Candidate of Physical and Mathematical Sciences |f 1987- |g Damir Talgatovich |3 (RuTPU)RU\TPU\pers\33772 |9 17370 | |
| 801 | 0 | |a RU |b 63413507 |c 20210318 |g RCR | |
| 850 | |a 63413507 | ||
| 856 | 4 | |u https://doi.org/10.1016/j.ceramint.2020.12.240 | |
| 942 | |c CF | ||